[Event "FRA-ch Youth U20 2018"]
[Site "Agen"]
[Date "2018.04.16"]
[Round "3"]
[White "Pigeat, Alexandre"]
[Black "Bol, Frederic"]
[Result "1-0"]
[WhiteElo "2275"]
[BlackElo "2194"]
[Annotator "TA"]
[PlyCount "155"]
[EventDate "2018.??.??"]
[EventType "swiss"]
[EventCountry "FRA"]
[SourceTitle "playchess.com"]
[Source "ChessBase"]
[SourceQuality "1"]

{[%evp 22,155,45,20,29,0,24,4,9,17,22,-31,0,-23,-42,-128,-100,-133,-79,-133,-123,-147,-150,-152,-133,-166,-134,-155,-150,-146,-130,-143,-133,-119,-46,-52,-83,-79,-64,-93,-96,-170,-187,-162,-143,-175,-155,-166,-146,-198,-219,-376,-284,-277,-279,-278,-262,-262,-231,-233,-148,-275,-281,-365,-365,-365,-359,-348,-346,-331,-330,-479,-481,-481,-481,-476,-467,-444,-451,-439,-345,-420,-387,-457,-431,-435,-418,-401,-383,-367,-359,-372,-367,-382,-366,-363,-315,-279,-20,-8,-17,-8,-6,-6,-8,-72,-56,-55,0,-276,-223,-238,-277,-225,-194,-287,0,-156,-22,-33,0,0,0,0,412,0,6713,11488,29969,29961,29985,29984,29987,29988,29990,29991]} 1. d4 Nf6 2. c4 c5 3. d5 e6 4. Nc3 exd5 5. cxd5 d6 6. e4 g6 7. Nge2 Bg7 8. Ng3 O-O 9. Be2 a6 10. a4 Nbd7 11. O-O Re8 {A65: Modern Benoni: 6 e4} 12. Bf4 {LiveBook: 9 Games} (12. Be3 Rb8 13. Qc2 h5 14. Rfe1 h4 15. Nf1 h3 16. g3 b5 17. axb5 axb5 {½-½ (46) Bocharov,D (2611)-Chigaev,M (2551) Sochi 2016}) 12... h5 {[%cal Bh7h5,Bh5h4][%mdl 32]} 13. Qc2 $146 ({Predecessor:} 13. Bg5 Qb6 14. Qd2 Nf8 15. a5 Qc7 16. f4 N8h7 17. Bh4 Bg4 18. Bxg4 Nxg4 {½-½ (36) Jakab,A (2382)-Parkanyi,A (2275) Hungary 2015}) 13... Qe7 {The position is equal.} 14. Rae1 h4 15. Nh1 Nh7 16. h3 (16. f3 $11) 16... g5 17. Bh2 Bd4 $36 {[%mdl 2048] Black has good play.} 18. g4 (18. Bd1 $15) 18... Ne5 19. Kg2 Ng6 (19... Bd7 $142 20. f3 Nf8) 20. Bd3 (20. e5 $142) 20... Be5 $1 $17 21. Ne2 Bxh2 22. Kxh2 Qe5+ 23. Kg2 Bd7 24. a5 Nhf8 25. Qd2 {[#]} c4 $1 {[%mdl 512]} 26. Bb1 (26. Bxc4 Qxe4+) 26... Bb5 {Hoping for ...c3!} 27. Qc3 Nf4+ (27... Rab8 $17 28. f3 Nd7) 28. Nxf4 $15 Qxf4 29. Re3 Ng6 30. Rf3 Qe5 31. Rf5 (31. Qxe5 $17 dxe5 32. Rc3) 31... Qxc3 32. bxc3 Re5 33. Rf6 Rd8 $1 34. f4 Nxf4+ 35. R1xf4 (35. R6xf4 $17 gxf4 36. Bc2) 35... gxf4 $19 36. Rh6 $2 (36. Bc2 {only move.}) 36... Be8 37. Kf3 Kg7 38. Rxh4 f6 39. Kxf4 Bg6 40. Ng3 Rb8 41. Ba2 (41. Bc2 $17) 41... Rc8 42. Nf5+ Bxf5 $1 43. gxf5 {[%mdl 4096] Endgame KRR-KRB} Ree8 44. Rg4+ Kf7 45. Rg1 Rc5 46. h4 (46. Rb1 {was necessary.} Rb5 47. h4) 46... Rh8 47. Rh1 Rxa5 48. Bxc4 Rc5 49. Be2 Rxc3 50. h5 Rcc8 51. Rg1 b5 52. Ra1 Ra8 53. Rc1 Rhc8 54. Rg1 Rg8 55. Rc1 Ra7 56. h6 Rh8 57. Bh5+ Ke7 58. Rg1 Kd8 59. Rg6 Rah7 $2 (59... Rf7 $19 60. Be2 Ke7) 60. Rxf6 $11 Rxh6 61. Bg6 $1 Rh4+ 62. Kg5 Kc7 {[#]} 63. Rf7+ (63. e5 $1 $11 {[%mdl 512]}) 63... Kb6 $17 64. f6 Rh2 (64... b4 $15 65. Rd7 Kc5) 65. Kf5 $2 {[%mdl 8192]} (65. Rd7 $11 {and White is okay.}) 65... b4 $19 {Threatens to win with ...b3.} 66. Rd7 Kc5 $1 67. Rc7+ Kd4 {...b3 is the strong threat.} 68. Rb7 {[#]} (68. Ke6 $142) 68... Kc3 $2 ({Better is} 68... a5 $1 $19 69. Ke6 R2h6) 69. Ke6 $2 (69. Rc7+ $11 Kd4 70. Rb7) 69... R2h6 (69... b3 $17 {And now ...R2h6 would win.} 70. Rc7+ Kd4) 70. Bf7 $1 $11 b3 {Strongly threatening ...a5.} 71. e5 b2 {White must now prevent ...dxe5.} 72. exd6 Rh4 $2 {[%mdl 8192] [#]} (72... Ra8 $11 73. d7 a5 74. Rc7+ Kd3) 73. Bg6 $2 ({White must play} 73. d7 $1 $18) 73... Rb4 $2 {[%mdl 8192]} (73... R4h6 $11 74. Rc7+ Kd4) 74. Rxb4 $18 Kxb4 75. d7 {White mates.} Kc5 76. Ke7 Kxd5 77. f7 Kc6 78. d8=Q {Precision: White = 49%, Black = 52%.} 1-0

[Event "FRA-ch Youth U20 2018"]
[Site "Agen"]
[Date "2018.04.16"]
[Round "3"]
[White "Ek, Alexandre"]
[Black "Barseghyan, Harutyun"]
[Result "0-1"]
[WhiteElo "2222"]
[BlackElo "2464"]
[Annotator "TA"]
[PlyCount "76"]
[EventDate "2018.??.??"]
[EventType "swiss"]
[EventCountry "FRA"]
[SourceTitle "playchess.com"]
[Source "ChessBase"]
[SourceQuality "1"]

{[%evp 19,76,-40,-35,-53,-43,-47,-10,-10,-9,-47,-36,-45,-31,-100,-100,-110,-68,-95,-101,-118,-118,-118,-118,-131,-97,-171,-170,-175,-177,-177,-173,-177,-170,-162,-162,-219,-182,-182,-177,-182,-177,-168,-180,-192,-202,-208,-208,-208,-204,-210,-147,-241,-224,-252,-237,-254,-216,-240,-234]} 1. e4 {[%cal Be2e4,Be4e5][%mdl 32]} c5 2. Nf3 e6 3. c3 {[%cal Bc2c3,Bc3d4][%mdl 32]} Ne7 4. d4 cxd4 5. cxd4 d5 6. e5 Nbc6 7. a3 Nf5 8. b4 Bd7 9. Bb2 b5 {C02: French: Advance Variation} 10. Bxb5 (10. Nc3 a5 11. Bxb5 axb4 12. axb4 Bxb4 13. O-O O-O 14. Bxc6 Bxc6 15. Rxa8 Qxa8 16. Qb3 Be7 17. Ra1 {½-½ (47) Laznicka,V (2693)-Potkin,V (2642) Havana 2012}) 10... Nxe5 {LiveBook: 4 Games} 11. Nxe5 Bxb5 {Black is slightly better.} 12. Nc3 a6 $146 ({Find the theoretical novelty and annotate with similar games:} 12... Qb6 13. Nxb5 Qxb5 14. Qe2 Qxe2+ 15. Kxe2 f6 16. Nd3 Nd6 17. Nc5 {0-1 (41) Rakhimgaliyev,Y (2320)-Turutin,A (2408) Moscow 2011}) 13. Nxb5 axb5 14. Qd3 (14. O-O {NOTEXT} Qc8 15. a4 bxa4 16. Rxa4 Bd6 17. b5) 14... Nd6 15. Qb3 Nc4 16. O-O (16. a4 $1 $15) 16... Bd6 $17 17. Nxc4 dxc4 18. Qf3 O-O 19. Qc6 Qb8 $36 {[%mdl 2048] Black is really pushing.} 20. g3 Rc8 21. Qf3 Be7 22. Bc3 (22. d5 $17 {was worth a try.}) 22... Rd8 $19 23. Qe2 Qc7 24. Ra2 Bf6 25. Qe4 Qd7 26. Rd1 Ra4 27. Rdd2 (27. Raa1 $142) 27... Qd5 28. Qxd5 Rxd5 29. f4 Kf8 30. Kf2 Ke7 31. Ke3 g5 32. Ke4 gxf4 33. gxf4 Rh5 34. Rg2 Bh8 35. Rg3 (35. Rg8 $17 f5+ 36. Kf3) 35... f5+ 36. Ke3 Bf6 37. h3 Rh6 38. Bb2 Kd6 {Precision: White = 41%, Black = 76%.} 0-1

[Event "FRA-ch Youth U20 2018"]
[Site "Agen"]
[Date "2018.04.16"]
[Round "3"]
[White "Albaric, Etienne"]
[Black "Meunier, Clement"]
[Result "1-0"]
[WhiteElo "2202"]
[BlackElo "2370"]
[Annotator "TA"]
[PlyCount "81"]
[EventDate "2018.??.??"]
[EventType "swiss"]
[EventCountry "FRA"]
[SourceTitle "playchess.com"]
[Source "ChessBase"]
[SourceQuality "1"]

{[%evp 16,81,0,-5,24,25,81,77,111,78,171,177,169,40,510,490,485,515,490,508,555,540,554,552,550,543,529,506,492,391,437,436,498,479,647,625,634,631,605,583,678,669,684,667,686,664,829,815,803,799,1112,1110,1100,1064,1135,1135,1143,1153,1339,1285,1342,1352,1314,1250,1151,1207,1076,1037]} 1. e4 e5 2. Nf3 Nc6 3. Bc4 Bc5 4. c3 Nf6 5. d3 a6 6. Nbd2 O-O {C54: Giuoco Piano: 4 c3 Nf6, main lines with 5 d4 and 5 d3} 7. h3 (7. Bb3 d5 8. exd5 Nxd5 9. Ne4 Be7 10. O-O Kh8 11. Re1 f5 12. Ng3 f4 13. Nf1 Bg4 14. h3 {1-0 (56) Duda,J (2724)-Yu,Y (2760) Liaocheng 2018}) 7... Ba7 8. Bb3 d5 9. O-O {LiveBook: 39 Games} d4 10. cxd4 exd4 $146 (10... Bxd4 $11 {remains equal.} 11. Nxd4 Nxd4) ({Predecessor:} 10... Bxd4 11. Nxd4 Nxd4 12. Nf3 Nxf3+ 13. Qxf3 Re8 14. Bd1 Be6 15. Bg5 h6 16. Bd2 c5 {½-½ (24) Wosch,A (2288)-Leonard,M (2242) LSS email 2009}) 11. e5 $16 Nd5 12. Ne4 Re8 (12... Be6 $16 {was necessary.}) 13. Nfg5 Bf5 14. Qf3 (14. f4 $18) 14... Nxe5 $2 {[%mdl 8192] [#]} (14... Bg6 $1 $14) 15. Qxf5 $18 g6 16. Nxf7 $1 gxf5 17. Nxd8 fxe4 18. Bxd5+ Kg7 19. Ne6+ Rxe6 20. Bxe6 Re8 21. Bd5 Nxd3 22. Rd1 Nb4 23. Bc4 {White is clearly winning.} e3 24. fxe3 dxe3 {[#] Hoping for ...e2+.} 25. Rd7+ Kf6 {aiming for ...e2+.} 26. Kf1 Re4 27. Be2 Nc2 28. Rb1 Nd4 29. b4 Rf4+ 30. Ke1 Nxe2 31. Kxe2 Rf2+ 32. Kd3 Rxa2 33. Bb2+ Ke6 34. Rxc7 Bb8 35. Rxb7 Bf4 36. Rxh7 e2 37. Kxe2 Be5 38. Rh6+ Kd7 39. Rd1+ Ke7 40. Rd2 Bxb2 41. Rh5 {Precision: White = 72%, Black = 20%.} 1-0

[Event "FRA-ch Youth U20 2018"]
[Site "Agen"]
[Date "2018.04.16"]
[Round "3"]
[White "Grimault, Nathan"]
[Black "Duquesne, Adrien"]
[Result "1/2-1/2"]
[WhiteElo "2016"]
[BlackElo "2209"]
[Annotator "TA"]
[PlyCount "142"]
[EventDate "2018.??.??"]
[EventType "swiss"]
[EventCountry "FRA"]
[SourceTitle "playchess.com"]
[Source "ChessBase"]
[SourceQuality "1"]

{[%evp 14,142,12,-21,-23,-13,21,21,104,15,87,83,54,52,39,35,83,82,79,84,106,100,154,138,144,135,137,122,244,239,239,229,241,233,333,233,235,188,189,189,189,188,189,190,178,120,119,119,121,121,121,121,121,121,121,121,121,121,118,88,88,88,148,77,118,77,118,118,118,118,123,32,32,32,32,32,32,32,32,32,32,32,35,35,35,35,35,32,32,32,32,32,32,32,32,32,32,32,35,35,35,8,8,8,8,8,8,8,8,8,8,0,0,0,8,8,8,8,8,8,8,8,8,8,8,8,8,8,8,0,0]} 1. d4 Nf6 2. Nf3 g6 3. g3 d5 4. Bg2 Bg7 5. O-O O-O 6. c4 dxc4 7. Nc3 c5 {D77: Fianchetto Grünfeld: 6 0-0: Replies other than 6...c6} (7... c6 8. e3 Nd5 9. Nd2 Nxc3 10. bxc3 Be6 11. Rb1 Qc7 12. Qe2 b5 13. a4 a6 14. axb5 axb5 15. Rxb5 cxb5 16. Bxa8 {0-1 (32) Ivekovic,Z (2402)-Brkic,A (2573) Zagreb 2017}) 8. d5 {LiveBook: 5 Games} b5 9. Nxb5 Bb7 $146 ({Predecessor:} 9... Nxd5 10. Ne5 Bb7 11. Nxc4 a6 12. Nba3 e6 13. Qb3 Qc7 14. Bd2 Nc6 15. e3 {0-1 (31) Stefanovic,V (2227)-Filipovic,S (2231) Serbia 2006}) 10. d6 exd6 (10... Bc6 $11 11. Nc7 exd6 12. Nxa8 Bxa8) 11. Qxd6 (11. Nxd6 $16 Bd5 12. Bf4) 11... Qb6 (11... Na6 $11) 12. Qxb6 $1 $16 axb6 13. Nd2 Bxg2 14. Kxg2 Nd5 15. Nxc4 Ra4 16. Ncd6 $36 {[%mdl 2048] White is really pushing.} Rd8 17. Rd1 Nb4 ({Better is} 17... Ne7) 18. a3 Nc2 19. Rb1 Nd4 20. Nc3 Ra8 {[#]} (20... Ra6 $16) 21. Nc4 $1 $18 Nd7 22. Bg5 f6 23. Be3 Nc2 (23... f5 $142 24. h4 Bf6 25. Bxd4 cxd4) 24. Rd2 Nxe3+ 25. Nxe3 {aiming for Rbd1.} Ne5 26. Rbd1 Rxd2 27. Rxd2 f5 28. Rd6 Rb8 29. Na4 (29. Nb5 $18) 29... b5 $16 30. Nxc5 Nc4 31. Nxc4 bxc4 32. Na4 Bxb2 33. Nxb2 Rxb2 {[%mdl 4096] Endgame KR-KR} 34. Rc6 Ra2 35. Rxc4 Rxa3 36. Rc7 Rb3 37. h4 {[%cal Bh2h4,Bh4h5][%mdl 32]} Ra3 {[#]} (37... h5 $142 38. e3 Kf8) 38. e3 (38. h5 $142 $1) 38... Ra2 39. Kf3 Rb2 40. h5 Rb4 41. Re7 Ra4 42. e4 (42. Rd7 $16) 42... fxe4+ $14 43. Rxe4 Ra5 44. hxg6 hxg6 45. Re7 Ra4 46. Rb7 Rc4 47. g4 Ra4 48. Kg3 Ra2 49. f3 Ra3 50. Kf2 Rc3 51. f4 Ra3 52. Re7 Rb3 53. Re3 Rb7 54. Kg3 Kg7 55. Kh4 Ra7 56. Rb3 Rc7 57. Kg5 Rc5+ {The position is equal.} 58. f5 gxf5 $1 59. gxf5 {Black must now prevent Rb7+.} Rc7 60. Rb6 Ra7 61. Rg6+ Kf8 62. Rh6 Rg7+ 63. Kf4 Ra7 64. Rc6 Rb7 65. Rc8+ Kf7 66. Kg5 Ra7 67. Rc2 Rb7 68. Rh2 {Intending Rh7+ and mate.} ({Don't do} 68. Rc6 $6 Kg7 $16) 68... Rb6 69. Rh7+ Kg8 70. Ra7 Kf8 71. f6 {Kg6 would kill now.} Rb1 {Precision: White = 73%, Black = 60%.} 1/2-1/2

[Event "FRA-ch Youth U20 2018"]
[Site "Agen"]
[Date "2018.04.16"]
[Round "3"]
[White "Aubert, Laurane"]
[Black "Haussernot, Cecile"]
[Result "0-1"]
[WhiteElo "1952"]
[BlackElo "2165"]
[Annotator "TA"]
[PlyCount "78"]
[EventDate "2018.??.??"]
[EventType "swiss"]
[EventCountry "FRA"]
[SourceTitle "playchess.com"]
[Source "ChessBase"]
[SourceQuality "1"]

{[%evp 20,78,46,55,52,8,13,-2,23,0,12,16,29,-6,25,29,44,40,61,-6,-4,-8,-11,-4,0,0,0,-46,0,0,70,0,0,-24,0,-85,-107,-125,-122,-106,-63,-147,-147,-145,-145,-144,-150,-169,-152,-158,-178,-525,-481,-1087,-860,-29983,-29974,-29994,-29995,-29998,-29999]} 1. e4 c5 2. Nc3 e6 3. Nge2 a6 4. d4 cxd4 5. Nxd4 Nc6 6. Be3 Qc7 7. Bd3 Nf6 8. O-O b5 9. Nxc6 dxc6 10. f4 {B48: Sicilian: Taimanov: 5 Nc3 Qc7 6 Be3 a6 without Be2} (10. a4 b4 11. Nb1 Bd6 12. h3 Bh2+ 13. Kh1 Bf4 14. Qd2 Bxe3 15. Qxe3 e5 16. Nd2 O-O 17. a5 Be6 {1-0 (50) Hansen,T (2410)-Meskovs,N (2546) chess.com INT 2018}) 10... Bb7 11. e5 {LiveBook: 3 Games} Nd7 12. Ne4 {White is slightly better.} c5 {[%cal Bc6c5,Bc5c4][%mdl 32]} 13. c3 Be7 $146 ({Find the theoretical novelty and annotate with similar games:} 13... Rd8 14. Qe2 Nb6 15. Rad1 Nd5 16. Bc1 c4 17. Bc2 Be7 {1-0 (37) Grove,M (2021)-Petersson,B (1585) Reykjavik 2013}) 14. Qh5 c4 15. Bc2 g6 16. Qe2 Bd5 17. Bd4 Qc6 18. Rad1 a5 19. Ng3 (19. Rfe1 $14) 19... Nc5 $11 20. Bxc5 Bxc5+ 21. Kh1 h5 {[%cal Bh7h5,Bh5h4][%mdl 32]} 22. Ne4 {[#] Nf6+ is the strong threat.} Be7 $1 23. Nd2 h4 24. h3 O-O ({Black should play} 24... a4 $11) 25. Qg4 (25. Ne4 $14) 25... Kg7 26. Rf2 b4 27. Nf1 (27. Nf3 $11 {remains equal.}) 27... b3 $17 28. axb3 cxb3 29. Bb1 Qc5 30. Rfd2 (30. Rd4 $1 $15) 30... Bc6 31. Rd4 a4 $36 {[%mdl 2048] White is under strong pressure.} 32. Ne3 a3 33. bxa3 Qxc3 ({Don't play} 33... Rxa3 34. f5 $15) 34. R4d3 Qc5 {And now ...Bb5 would win.} 35. Rd4 $2 {[#]} (35. f5 {nothing else works.} Qxe5 36. fxe6 Qxe6 37. Qxe6 fxe6 38. Rxb3) 35... Rad8 36. Rxd8 (36. f5 $142 Qxe5 37. Nc4 Rxd4 38. Nxe5 Rxg4 39. Nxc6) 36... Rxd8 $19 37. Rxd8 Bxd8 {Black mates.} 38. Qd1 Qxe3 39. Qxd8 Qxh3+ {Precision: White = 32%, Black = 59%.} 0-1

[Event "FRA-ch Youth U20 2018"]
[Site "Agen"]
[Date "2018.04.16"]
[Round "3"]
[White "Leriche, Ines"]
[Black "Retailleau, Elise"]
[Result "1-0"]
[WhiteElo "1913"]
[BlackElo "1932"]
[Annotator "NA RC"]
[PlyCount "65"]
[EventDate "2018.??.??"]
[EventType "swiss"]
[EventCountry "FRA"]
[SourceTitle "playchess.com"]
[Source "ChessBase"]
[SourceQuality "1"]
[TimeControl "5400+30"]

1. d4 {[%emt 0:00:00]} d5 {[%emt 0:00:15]} 2. c4 {[%emt 0:00:00]} e6 {[%emt 0:00:14]} 3. Nc3 {[%emt 0:00:37]} Nf6 {[%emt 0:00:31]} 4. cxd5 {[%emt 0:00:25]} exd5 {[%emt 0:00:24]} 5. Bg5 {[%emt 0:00:25]} Be7 {[%emt 0:00:37]} 6. e3 {[%emt 0:00:40]} c6 {[%emt 0:00:33]} 7. Bd3 {[%emt 0:00:44]} Bg4 {[%emt 0:01:11] LiveBook: 112 Games} 8. Qc2 {[%emt 0:07:01]} Bh5 $14 {[%emt 0:04:11]} 9. h3 {[%emt 0:14:39]} Bg6 {[%emt 0:05:38]} 10. Nf3 {[%emt 0:02:34]} Nbd7 {[%emt 0:02:08]} 11. O-O {[%emt 0:03:13]} Bxd3 {[%emt 0:01:50]} 12. Qxd3 {[%emt 0:00:10]} O-O {[%emt 0:00:10]} 13. Rfc1 {[%emt 0:07:07]} Re8 {[%emt 0:05:37]} 14. Na4 {[%emt 0:16:05]} Bd6 {[%emt 0:15:11]} 15. Nd2 {[%emt 0:06:22]} h6 {[%emt 0:09:00]} 16. Bxf6 {[%emt 0:00:24]} Qxf6 {[%emt 0:03:55]} 17. Rab1 {[%emt 0:06:33]} Qe7 {[%emt 0:06:42]} 18. Nb3 {[%emt 0:04:24]} Rac8 {[%emt 0:03:48]} 19. Nbc5 {[%emt 0:03:34]} Nf6 {[%emt 0:03:42]} 20. a3 {[%emt 0:02:40]} Bb8 {[%emt 0:02:23]} 21. b4 {[%emt 0:05:39]} Qc7 {[%emt 0:02:52]} 22. g3 {[%emt 0:01:29]} a6 {[%emt 0:03:36]} 23. Nc3 {[%emt 0:04:22]} h5 {[%emt 0:00:46]} 24. h4 {[%emt 0:01:29]} Ng4 {[%emt 0:02:20]} 25. Qf5 {[%emt 0:02:16]} Nf6 {[%emt 0:03:30]} 26. a4 {[%emt 0:01:12]} Qe7 {[%emt 0:01:23]} 27. b5 {[%emt 0:02:06]} g6 {[%emt 0:03:02]} 28. Qf3 {[%emt 0:00:22]} Nd7 {[%emt 0:03:25]} 29. Nxb7 {[%emt 0:04:01]} Ne5 {[%emt 0:07:47]} 30. dxe5 {[%emt 0:00:07]} Qxb7 {[%emt 0:00:13]} 31. bxc6 {[%emt 0:00:35]} Qa7 {[%emt 0:01:00]} 32. Rb7 {[%emt 0:02:02]} Qc5 {[%emt 0:02:22]} 33. Qxf7+ {[%emt 0:00:15]} 1-0

[Event "FRA-ch Youth U20 2018"]
[Site "Agen"]
[Date "2018.04.16"]
[Round "3"]
[White "Fretel, Liza"]
[Black "Guigue, Marie-Celine"]
[Result "1-0"]
[WhiteElo "1849"]
[BlackElo "1288"]
[Annotator "NA RC"]
[PlyCount "41"]
[EventDate "2018.??.??"]
[EventType "swiss"]
[EventCountry "FRA"]
[SourceTitle "playchess.com"]
[Source "ChessBase"]
[SourceQuality "1"]
[TimeControl "5400+30"]

1. e3 {[%emt 0:00:00]} e5 {[%emt 0:00:17]} 2. c4 {[%emt 0:00:00]} c5 {[%emt 0:00:26]} 3. Nc3 {[%emt 0:00:00]} Nc6 {[%emt 0:00:37]} 4. Nf3 {[%emt 0:01:03]} d6 {[%emt 0:00:45]} 5. Be2 {[%emt 0:01:54]} Nf6 {[%emt 0:06:56]} (5... f5 $11) 6. O-O {[%emt 0:00:18]} Be7 {[%emt 0:00:38] LiveBook: 4 Games} 7. Qc2 {[%emt 0:01:28]} Be6 $14 {[%emt 0:02:22]} 8. a3 {[%emt 0:01:52]} Qd7 {[%emt 0:05:19]} 9. Rb1 {[%emt 0:01:39]} a6 {[%emt 0:07:27]} 10. b4 {[%emt 0:02:08]} b6 {[%emt 0:01:10]} 11. Rd1 {[%emt 0:04:50]} e4 {[%emt 0:05:35]} 12. Ng5 {[%emt 0:01:17]} Bf5 {[%emt 0:02:34]} 13. Ngxe4 {[%emt 0:01:49]} Nxe4 {[%emt 0:00:38]} 14. Nxe4 {[%emt 0:00:15]} O-O {[%emt 0:09:11]} 15. Bd3 {[%emt 0:03:23]} Bxe4 {[%emt 0:01:01]} 16. Bxe4 {[%emt 0:00:04]} Rac8 {[%emt 0:06:50]} 17. Bf5 {[%emt 0:01:38]} Qc7 {[%emt 0:00:44]} 18. Bb2 {[%emt 0:04:56]} Rce8 {[%emt 0:10:17]} 19. Bxh7+ {[%emt 0:00:13]} Kh8 {[%emt 0:00:10]} 20. Qf5 {[%emt 0:00:13]} Qc8 {[%emt 0:01:35]} 21. Qh5 {[%emt 0:00:08]} 1-0

[Event "FRA-ch Youth U20 2018"]
[Site "Agen"]
[Date "2018.04.16"]
[Round "3"]
[White "Azan, Sarah"]
[Black "Aouachria, Marwa"]
[Result "0-1"]
[WhiteElo "1381"]
[BlackElo "1687"]
[Annotator "NA RC"]
[PlyCount "40"]
[EventDate "2018.??.??"]
[EventType "swiss"]
[EventCountry "FRA"]
[SourceTitle "playchess.com"]
[Source "ChessBase"]
[SourceQuality "1"]
[TimeControl "5400+30"]

1. e4 {[%emt 0:00:00]} c5 {[%emt 0:00:03]} 2. c3 {[%emt 0:00:00]} d5 {[%emt 0:00:05]} 3. exd5 {[%emt 0:00:24]} Qxd5 {[%emt 0:00:01]} 4. d4 {[%emt 0:00:15]} Nc6 {[%emt 0:00:26]} 5. Nf3 {[%emt 0:02:02]} Bg4 {[%emt 0:00:10]} 6. Be2 {[%emt 0:04:31]} Nf6 {[%emt 0:00:13]} 7. O-O {[%emt 0:02:43]} e6 {[%emt 0:02:09]} 8. Be3 {[%emt 0:06:17]} cxd4 {[%emt 0:09:33]} 9. Bxd4 {[%emt 0:05:56]} Nxd4 {[%emt 0:03:30]} 10. Nxd4 {[%emt 0:05:40]} Bxe2 {[%emt 0:01:08]} 11. Qxe2 {[%emt 0:00:53]} a6 {[%emt 0:00:21]} 12. Nd2 {[%emt 0:02:44]} Bd6 {[%emt 0:05:25]} 13. N2f3 {[%emt 0:01:35]} O-O {[%emt 0:06:20]} 14. Rfd1 {[%emt 0:03:00]} Qh5 {[%emt 0:03:27]} 15. Qc4 {[%emt 0:14:05]} Nd5 {[%emt 0:09:41]} 16. Qd3 {[%emt 0:08:26]} Nf4 {[%emt 0:03:23]} 17. Qc2 {[%emt 0:04:37]} Bc5 {[%emt 0:02:51]} 18. b4 {[%emt 0:05:32]} Ba7 {[%emt 0:05:44]} 19. Qe4 {[%emt 0:08:41]} Qg4 {[%emt 0:02:45]} 20. g3 {[%emt 0:01:00]} Nh3+ 0-1

[Event "FRA-ch Youth U20 2018"]
[Site "Agen"]
[Date "2018.04.17"]
[Round "4"]
[White "Barseghyan, Harutyun"]
[Black "Pigeat, Alexandre"]
[Result "1/2-1/2"]
[WhiteElo "2464"]
[BlackElo "2275"]
[Annotator "TA"]
[PlyCount "140"]
[EventDate "2018.??.??"]
[EventType "swiss"]
[EventCountry "FRA"]
[SourceTitle "playchess.com"]
[Source "ChessBase"]
[SourceQuality "1"]

{[%evp 14,140,33,23,44,41,52,54,56,49,49,49,64,62,60,37,62,61,59,31,41,29,30,16,26,9,83,71,93,39,47,39,34,40,105,113,116,98,121,121,120,113,121,109,120,105,129,118,116,95,136,126,144,144,144,143,135,8,8,8,8,8,8,8,8,8,8,0,0,0,0,0,0,0,0,0,0,0,0,0,8,8,33,33,33,33,33,33,33,33,33,33,33,33,33,33,33,33,33,33,33,33,33,33,33,33,33,0,0,0,0,0,0,0,0,0,0,0,0,0,0,0,0,0,0,0,0,0,0]} 1. d4 d5 2. c4 c6 3. Nf3 Nf6 4. e3 a6 5. Bd3 Bg4 6. Nbd2 e6 7. Qc2 Nbd7 8. b3 {LiveBook: 136 Games. D11: Slav Defence: 3 Nf3 sidelines and 3...Nf6 4 e3 Bg4} Bb4 9. O-O Qe7 $146 ({Predecessor:} 9... Rc8 10. Bb2 c5 11. Ne5 cxd4 12. Nxg4 Nxg4 13. exd4 Ngf6 {0-1 (42) Kanep,M (2445)-Morozevich,A (2678) Tallinn 2003}) 10. Bb2 {White is slightly better.} O-O 11. a3 Bxd2 12. Nxd2 e5 {[#] ...e4 is the strong threat.} 13. cxd5 cxd5 {Hoping for ...e4.} 14. dxe5 Nxe5 15. Bf5 Rfe8 16. Bxg4 Nfxg4 17. h3 Rac8 18. Qf5 g6 19. Qf4 Rc2 (19... Nd3 $11 {keeps the balance.} 20. Qxg4 Nxb2) 20. Qd4 $36 {[%mdl 2048] White has strong initiative.} Nh6 21. Rac1 ({White should play} 21. Rad1 $16) 21... Nf5 $14 22. Qxe5 $1 Qxe5 23. Bxe5 Rxc1 (23... Rxd2 $14 24. Bc3 Ra2) 24. Rxc1 $16 Rxe5 $14 {[%mdl 4096] Endgame KRN-KRN} 25. Rc5 b6 26. Rc8+ Kg7 27. Rd8 d4 28. e4 ({Much weaker is} 28. exd4 $6 Re1+ 29. Nf1 Ra1 $11) 28... Ne7 29. Rxd4 Nc6 30. Rc4 Re6 31. Kf1 Rd6 32. Ke2 b5 33. Rc5 Nd4+ 34. Ke3 Ne6 35. Rc1 (35. Rc2 $16) 35... Nf4 $1 $11 36. g3 Rd3+ $1 37. Kxf4 Rxd2 {KR-KR} 38. f3 Ra2 39. a4 bxa4 40. bxa4 Rxa4 41. g4 h6 42. h4 Ra5 43. g5 hxg5+ 44. hxg5 Ra2 45. Rc7 a5 46. Ra7 a4 47. e5 Kf8 48. e6 Re2 49. exf7 Re7 50. Rxa4 Kxf7 51. Rd4 Rb7 52. Ke5 Re7+ 53. Kd6 {[#] White threatens Rf4+ and mate.} Re3 54. f4 Re1 55. Kd5 Re8 56. Rc4 Rd8+ 57. Ke4 Re8+ 58. Kd3 Re1 59. Rc7+ Ke6 60. Rc6+ Kf5 {The position is equal.} 61. Rf6+ Kg4 62. Kd4 Re2 63. Kd5 Re1 64. Kd4 Re2 65. Kd5 Re1 66. Re6 Rf1 67. Rxg6 Rxf4 68. Ke6 Rf5 69. Rg8 Rxg5 70. Rxg5+ Kxg5 {Precision: White = 68%, Black = 72%.} 1/2-1/2